Paesi con la più grande zona economica esclusiva - Statistics

Statistiche generali
  • Questo quiz è stato fatto 77 volte
  • Il punteggio medio è 14 su 20
Statistiche sulle risposte
kmq paese % Corretto
11 351 000 Stati Uniti
96%
7 567 000 Russia
93%
5 599 000 Canada
90%
4 479 000 Giappone
88%
8 505 000 Australia
87%
3 831 000 Brasile
87%
3 269 000 Messico
86%
2 305 000 India
84%
11 691 000 Francia
83%
6 806 000 Regno Unito
81%
6 159 000 Indonesia
77%
3 682 000 Cile
75%
4 421 000 Nuova Zelanda
74%
2 385 000 Norvegia
67%
1 727 000 Portogallo
57%
2 551 000 Danimarca
49%
2 996 000 Micronesia
29%
3 442 000 Kiribati
26%
1 991 000 Isole Marshall
23%
2 402 000 Papua Nuova Guinea
23%
Nessun quiz corrispondente trovato
Distribuzione punteggi
Percentuale di utenti per punteggio
Percentile per numero di risposta
I tuoi punteggi nel tempo
Non hai fatto questo quiz